[Event "Titled Tue 7th Jan Late"]
[Site "chess.com INT"]
[Date "2025.01.07"]
[Round "7"]
[White "Leon Oquendo,J"]
[Black "Nakamura,Hi"]
[Result "0-1"]
[WhiteElo "2366"]
[BlackElo "2802"]

1.d4 a6 2.e4 e6 3.Bd3 d5 4.exd5 exd5 5.Nf3 c6 6.h3 Bd6 7.O-O Ne7 8.Bg5 f6
9.Bh4 Nf5 10.Re1+ Kf8 11.Nbd2 g6 12.c4 Nxh4 13.Nxh4 Kg7 14.c5 Bc7 15.b4 Nd7
16.Qg4 Nf8 17.Qe2 Be6 18.a4 Bf7 19.Nhf3 Ne6 20.g3 Qd7 21.b5 axb5 22.axb5 Ba5
23.Reb1 Bc3 24.Rxa8 Rxa8 25.Nb3 Ra3 26.Qc2 Bb4 27.b6 Qe7 28.Kg2 Qf8 29.Qb2 Nxc5
30.dxc5 Bxc5 31.Nxc5 Qxc5 32.Be2 Qe7 33.Qd2 c5 34.Bf1 d4 35.Re1 Qd6 36.Kg1 Rxf3
37.Bg2 Rb3  0-1

[Event "Titled Tue 7th Jan Late"]
[Site "chess.com INT"]
[Date "2025.01.07"]
[Round "8"]
[White "Nakamura,Hi"]
[Black "Chan Yi Ren,D"]
[Result "1-0"]
[WhiteElo "2802"]
[BlackElo "2317"]

1.b3 d5 2.Bb2 Bf5 3.d3 Nf6 4.Nd2 e6 5.g3 h6 6.Bg2 Be7 7.e4 Bg6 8.Nh3 c6 9.Nf4 Bh7
10.O-O O-O 11.Qe2 Re8 12.c4 Bf8 13.e5 Nfd7 14.d4 Na6 15.a3 Rc8 16.Rfe1 Nc7
17.h4 Nb6 18.c5 Nd7 19.Bh3 b6 20.b4 bxc5 21.dxc5 Rb8 22.Nb3 Qc8 23.Qd2 Na6
24.Rac1 Qc7 25.Bg2 Qb7 26.Bc3 Nc7 27.Ne2 Nb5 28.Bb2 Qc7 29.Ned4 Nxd4 30.Bxd4 Qc8
31.f4 Be7 32.Bf2 Nf8 33.Nd4 Bd8 34.a4 f6 35.b5 fxe5 36.Nxc6 exf4 37.Qxf4 Rb7
38.Nxd8 Qxd8 39.c6 Rf7 40.Qd4 Ng6 41.h5 Nf8 42.Be3 Qa5 43.Bf4 Rf5 44.Re5 Rxe5
45.Bxe5 a6 46.b6 Rc8 47.b7 Rxc6 48.Rxc6  1-0

[Event "Titled Tue 7th Jan Early"]
[Site "chess.com INT"]
[Date "2025.01.07"]
[Round "8"]
[White "Nakamura,Hi"]
[Black "Le Tuan Minh"]
[Result "0-1"]
[WhiteElo "2802"]
[BlackElo "2598"]

1.b3 d5 2.Bb2 Bf5 3.d3 e6 4.Nd2 Nf6 5.g3 h6 6.Bg2 Bh7 7.e4 Be7 8.Nh3 O-O
9.O-O a5 10.a3 Nc6 11.e5 Nd7 12.Qe2 Bc5 13.Nf3 d4 14.Kh1 Nb6 15.Nf4 Re8 16.Rfe1 Qd7
17.Nd2 Rad8 18.h4 Nd5 19.Qf3 Nxf4 20.Qxf4 Bf8 21.Nf3 b5 22.Re2 Ne7 23.Nxd4 c5
24.Nf3 Rc8 25.Qd2 a4 26.bxa4 bxa4 27.Rd1 Red8 28.Ree1 Qb5 29.Qc1 c4 30.dxc4 Qxc4
31.c3 Nd5 32.Rd4 Qa6 33.c4 Bc5 34.Rg4 Bf5 35.Rd4 Bxd4 36.Nxd4 Rxc4 37.Qd2 Bg6
38.Bf1 Nb6 39.Bxc4 Nxc4 40.Qb4 Nxb2 41.Qxb2 Qd3 42.Nb5 Rb8 43.Qb4 Qxb5 44.Qd6 Rc8
45.Kg1 h5 46.Qd4 Qc4 47.Qd7 Qc3 48.Rd1 Kh7 49.Qxa4 Bc2 50.Qd7 Bxd1  0-1

[Event "Titled Tue 7th Jan Late"]
[Site "chess.com INT"]
[Date "2025.01.07"]
[Round "9"]
[White "Abasov,N"]
[Black "Nakamura,Hi"]
[Result "0-1"]
[WhiteElo "2615"]
[BlackElo "2802"]

1.d4 d6 2.Nf3 g6 3.e4 Bg7 4.c3 Nd7 5.Bd3 e5 6.O-O Ngf6 7.h3 O-O 8.Re1 Re8
9.a4 b6 10.d5 Nc5 11.Bc2 a5 12.b4 Na6 13.Qd2 Nh5 14.Bd3 f5 15.Na3 Nf4 16.Bf1 Qf6
17.exf5 Bxf5 18.Nc4 Bd7 19.Nh2 Rf8 20.Ne3 h5 21.Kh1 Qf7 22.Bb2 Bh6 23.Qc2 axb4
24.cxb4 Nxb4 25.Qxc7 Nbd3 26.Re2 Nxe2 27.Bxe2 Nxf2+  0-1

[Event "Titled Tue 7th Jan Early"]
[Site "chess.com INT"]
[Date "2025.01.07"]
[Round "9"]
[White "Galchenko,Matvey"]
[Black "Nakamura,Hi"]
[Result "0-1"]
[WhiteElo "2438"]
[BlackElo "2802"]

1.f4 d5 2.Nf3 g6 3.g3 Bg7 4.Bg2 h5 5.O-O Nh6 6.d3 d4 7.c3 c5 8.e4 Nc6 9.h3 b6
10.Qe2 dxc3 11.Nxc3 Ba6 12.Rd1 Qd7 13.Be3 Rd8 14.Ne1 f5 15.e5 h4 16.a3 hxg3
17.Qf3 Nd4 18.Qxg3 Qe6 19.b4 O-O 20.bxc5 bxc5 21.Na4 Ne2+  0-1

[Event "Titled Tue 7th Jan Late"]
[Site "chess.com INT"]
[Date "2025.01.07"]
[Round "10"]
[White "Nakamura,Hi"]
[Black "Hesham,A"]
[Result "1/2-1/2"]
[WhiteElo "2802"]
[BlackElo "2396"]

1.b3 d5 2.Bb2 c5 3.e3 f6 4.d4 Nc6 5.Nf3 Bg4 6.Be2 e6 7.Nbd2 cxd4 8.Nxd4 Bxe2
9.Qxe2 Qd7 10.O-O e5 11.Nxc6 bxc6 12.c4 Bb4 13.cxd5 cxd5 14.f4 e4 15.Rfd1 Qb7
16.Rac1 Ne7 17.Qh5+ g6 18.Qh3 Kf7 19.f5 Nxf5 20.g4 Ng7 21.Rf1 Bxd2 22.Rxf6+ Kg8
23.Rc2 Bb4 24.Qg3 Rc8 25.Rcf2 Bc5 26.Kg2 d4 27.Qe5 dxe3 28.Rf7 Qxf7 29.Rxf7 Kxf7
30.Qxg7+ Ke6 31.Qe5+ Kd7 32.Qd5+ Bd6 33.Be5 Rc2+ 34.Kh3 Rd2 35.Qf7+ Kc6 36.Qc4+ Kd7
37.Qf7+ Kc6 38.Qc4+ Kd7 39.Qf7+  1/2-1/2

[Event "Titled Tue 7th Jan Early"]
[Site "chess.com INT"]
[Date "2025.01.07"]
[Round "10"]
[White "Nakamura,Hi"]
[Black "Harsh,Suresh"]
[Result "0-1"]
[WhiteElo "2802"]
[BlackElo "2414"]

1.b3 a6 2.Bb2 e6 3.g3 Nf6 4.Bg2 Be7 5.e4 d5 6.e5 Nfd7 7.f4 c5 8.c4 dxc4 9.bxc4 O-O
10.Ne2 Nc6 11.O-O Qc7 12.d3 b6 13.Nbc3 Bb7 14.Ne4 Rad8 15.a3 Nd4 16.g4 Nxe2+
17.Qxe2 b5 18.g5 Nb6 19.Rac1 bxc4 20.dxc4 Rd7 21.Nf6+ gxf6 22.exf6 Bd6 23.Qh5 Rfd8
24.f5 Bxh2+ 25.Kh1 Rd2 26.Bxb7 Qxb7+ 27.Rf3 R8d3 28.Rf1 Rxf3 29.Qxf3 Qxf3+
30.Rxf3 Rxb2 31.Rd3 Bc7  0-1

[Event "Titled Tue 7th Jan Late"]
[Site "chess.com INT"]
[Date "2025.01.07"]
[Round "11"]
[White "Moroni,L"]
[Black "Nakamura,Hi"]
[Result "1-0"]
[WhiteElo "2545"]
[BlackElo "2802"]

1.c4 d6 2.g3 Bd7 3.Bg2 Qc8 4.Nc3 Nc6 5.d4 g6 6.Nf3 Bg7 7.O-O Bh3 8.Bxh3 Qxh3
9.d5 Ne5 10.Ng5 Qc8 11.f4 Nd7 12.e4 h6 13.Nxf7 Kxf7 14.e5 Ke8 15.Qd3 Nf8
16.Be3 Qf5 17.Qe2 a6 18.g4 Qc8 19.Bd4 h5 20.f5 dxe5 21.Bxe5 Bxe5 22.Qxe5 Rh7
23.Ne4 gxf5 24.Rxf5 Ng6 25.Raf1 b6 26.Qg3 h4 27.Qe3 Qd7 28.Qg5  1-0

[Event "Titled Tue 7th Jan Early"]
[Site "chess.com INT"]
[Date "2025.01.07"]
[Round "11"]
[White "Matinian,N"]
[Black "Nakamura,Hi"]
[Result "0-1"]
[WhiteElo "2415"]
[BlackElo "2802"]

1.e4 c5 2.Nf3 g6 3.c3 d5 4.exd5 Qxd5 5.d4 Bg7 6.Na3 Nf6 7.Bc4 Qd8 8.O-O cxd4
9.Qxd4 Bd7 10.Ne5 O-O 11.Nxd7 Nbxd7 12.Qh4 a6 13.Bh6 b5 14.Bb3 Bxh6 15.Qxh6 Nc5
16.Rad1 Qb6 17.Nc2 Rad8 18.Nd4 Nce4 19.h3 b4 20.Qe3 bxc3 21.bxc3 Qc5 22.c4 Rd6
23.Nc2 Rfd8 24.Rxd6 Rxd6 25.Qxc5 Nxc5 26.Ne3 e6 27.Rb1 Rd2 28.Bc2 Nfe4 29.Bxe4 Nxe4
30.Rc1 Rxf2 31.c5 Re2 32.Ng4 h5 33.Ne5 Nf6 34.Nd3 Ne8 35.c6 Nc7 36.a4 Kf8
37.Nc5 Rd2 38.Rb1 Rd6 39.Rb6 Kg7 40.Nxa6 Nd5  0-1

[Event "Titled Tue 14th Jan Late"]
[Site "chess.com INT"]
[Date "2025.01.14"]
[Round "1"]
[White "Pribelszky,Bence"]
[Black "Nakamura,Hi"]
[Result "0-1"]
[WhiteElo "2391"]
[BlackElo "2802"]

1.e4 g6 2.d4 c6 3.Nf3 d5 4.exd5 cxd5 5.Bd3 Bg4 6.h3 Bxf3 7.Qxf3 Nc6 8.c3 Bg7
9.O-O Nf6 10.Re1 O-O 11.Bf4 Qb6 12.Qe2 Nh5 13.Bh2 Rae8 14.Qc2 e5 15.dxe5 Bxe5
16.Nd2 Bxh2+ 17.Kxh2 Qxf2 18.Nf3 Qg3+ 19.Kg1 Nf4 20.Bf1 Nxh3+ 21.Kh1 Nf2+
22.Kg1 Ng4 23.Rxe8 Rxe8 24.Rd1 Nce5  0-1

[Event "Titled Tue 14th Jan Early"]
[Site "chess.com INT"]
[Date "2025.01.14"]
[Round "1"]
[White "Nakamura,Hi"]
[Black "Rog,Bartlomiej"]
[Result "1-0"]
[WhiteElo "2802"]
[BlackElo "2277"]

1.b3 e5 2.Bb2 Nc6 3.e3 Nf6 4.Bb5 e4 5.f3 a6 6.Bxc6 dxc6 7.Nc3 Bf5 8.fxe4 Nxe4
9.Nf3 Bd6 10.O-O O-O 11.d3 Nxc3 12.Bxc3 Bg6 13.Qe1 c5 14.e4 Re8 15.Qf2 b6
16.a4 Qd7 17.Rae1 Rad8 18.Nh4 Be5 19.Bxe5 Rxe5 20.Re3 Rf8 21.Rf3 Re7 22.h3 Qd4
23.Re3 Qc3 24.Kh2 Qe5+ 25.Rg3 Re6 26.Nf3 Qd6 27.Kh1 f5 28.e5 Qd7 29.Qd2 Rfe8
30.Qf4 R8e7 31.Kh2 Re8 32.c3 Qd5 33.c4 Qd7 34.Re1 Rd8 35.Rd1 h6 36.d4 cxd4
37.Nxd4 Bh5 38.Nxe6  1-0

[Event "Titled Tue 14th Jan Early"]
[Site "chess.com INT"]
[Date "2025.01.14"]
[Round "2"]
[White "Ianocichin,N"]
[Black "Nakamura,Hi"]
[Result "0-1"]
[WhiteElo "2102"]
[BlackElo "2802"]

1.a3 d5 2.g3 e5 3.Bg2 h5 4.h3 c6 5.d3 Be6 6.Nf3 f6 7.Nh4 Bf7 8.e4 dxe4 9.Bxe4 Ne7
10.O-O g5 11.Ng2 Qd7 12.Kh2 Na6 13.Ne3 f5 14.Bg2 O-O-O 15.Qe2 g4 16.Nc4 Ng6
17.h4 Bxc4 18.dxc4 e4 19.Nc3 Qe6 20.b4 Bg7 21.Bb2 Ne5 22.Na4 Rhg8 23.b5 Nc7
24.Bxe5 Bxe5 25.Rab1 cxb5 26.cxb5 b6 27.Kg1 Rd4 28.Nb2 Rgd8 29.Rfd1 Rxd1+
30.Nxd1 Qa2 31.Rc1 Qxa3 32.Qe3 Nxb5 33.Rb1 Qxe3 34.Nxe3 Nd6 35.Rd1 Kd7 36.Nxf5 Kc7
37.Nxd6 Bxd6 38.Rxd6 Rxd6 39.Bxe4 a5  0-1

[Event "Titled Tue 14th Jan Late"]
[Site "chess.com INT"]
[Date "2025.01.14"]
[Round "2"]
[White "Nakamura,Hi"]
[Black "Gatineau,Yovann"]
[Result "1-0"]
[WhiteElo "2802"]
[BlackElo "2358"]

1.b3 d5 2.Bb2 e6 3.Nf3 Nf6 4.g3 Be7 5.Bg2 O-O 6.O-O c5 7.e3 Nc6 8.c4 d4 9.exd4 cxd4
10.Re1 Bc5 11.d3 Nd7 12.Na3 e5 13.Nc2 a5 14.a3 Re8 15.Rb1 Bf8 16.Bc1 Nc5
17.b4 axb4 18.Nxb4 Nxb4 19.axb4 Na4 20.Bd2 f6 21.Nh4 Be6 22.Bxb7 Ra7 23.Bc6 Bd7
24.Bd5+ Be6 25.Bxe6+ Rxe6 26.Ra1 Qa8 27.Qf3 Qxf3 28.Nxf3 Ra8 29.Ra3 Nb6 30.Rxa8 Nxa8
31.Ra1 Nc7 32.Ne1 e4 33.dxe4 Rxe4 34.Nd3 Ne6 35.Kf1 Ng5 36.Bxg5 fxg5 37.b5 Re5
38.Nxe5  1-0

[Event "Titled Tue 14th Jan Early"]
[Site "chess.com INT"]
[Date "2025.01.14"]
[Round "3"]
[White "Nakamura,Hi"]
[Black "Kushko,Dmitriy"]
[Result "1-0"]
[WhiteElo "2802"]
[BlackElo "2449"]

1.b3 d5 2.Bb2 Bf5 3.d3 c5 4.Nd2 e6 5.g3 h6 6.e4 Bh7 7.Bg2 Nf6 8.Qe2 Be7 9.exd5 exd5
10.Bxf6 gxf6 11.Nh3 Nc6 12.Nf4 d4 13.Bxc6+ bxc6 14.O-O Qd7 15.Rfe1 Kf8 16.Ne4 f5
17.Nd2 Bd6 18.Qf3 Re8 19.Nc4 Bc7 20.Nh5 Re6 21.Nf4 Re8 22.Rxe8+ Qxe8 23.Kf1 Qb8
24.Re1 Bxf4 25.Qxf4 Qxf4 26.gxf4 Rg8 27.Nd6 Rg4 28.f3 Rxf4 29.Kg2 Rh4 30.Kg3 Rh5
31.f4  1-0

[Event "Titled Tue 14th Jan Late"]
[Site "chess.com INT"]
[Date "2025.01.14"]
[Round "3"]
[White "Amburgy,Ryan"]
[Black "Nakamura,Hi"]
[Result "0-1"]
[WhiteElo "2243"]
[BlackElo "2802"]

1.a4 g6 2.d4 Bg7 3.Nf3 c5 4.c3 b6 5.g3 Bb7 6.Bg2 Nf6 7.O-O O-O 8.a5 d6 9.axb6 Qxb6
10.Na3 Nbd7 11.Nc4 Qc7 12.Na5 Bd5 13.c4 Be4 14.d5 Rfe8 15.Bd2 e6 16.dxe6 fxe6
17.Bc3 Rab8 18.Nd2 Bxg2 19.Kxg2 d5 20.e3 Nb6 21.b3 Rbd8 22.Qc2 d4 23.exd4 cxd4
24.Bb2 e5 25.Ne4 Nbd5 26.Nxf6+ Nxf6 27.b4 d3 28.Qd1 e4 29.c5 e3 30.fxe3 Nd5
31.Qb3 Bxb2 32.Qxb2 Nxe3+ 33.Kg1 Nxf1 34.Rxf1 d2 35.Qb3+ Kh8 36.Nc4 Qg7 37.Nd6 Rf8
38.Rd1 Qd4+ 39.Kh1 Rf2 40.Qe6 Rdf8 41.c6 R2f6 42.Qe2 Rxd6 43.c7 Rd7  0-1

[Event "Titled Tue 14th Jan Early"]
[Site "chess.com INT"]
[Date "2025.01.14"]
[Round "4"]
[White "Bardyk,Artem"]
[Black "Nakamura,Hi"]
[Result "0-1"]
[WhiteElo "2249"]
[BlackElo "2802"]

1.e4 g6 2.d4 c6 3.c4 d6 4.Nc3 Bg7 5.Nf3 Bg4 6.Be2 Nf6 7.O-O O-O 8.Be3 Nbd7
9.Qc2 Bxf3 10.Bxf3 e5 11.Rfd1 Qe7 12.d5 c5 13.a3 h5 14.b4 Rfc8 15.Qb3 b6
16.h3 Kh7 17.g3 Bh6 18.Bxh6 Kxh6 19.Kg2 Kg7 20.h4 Ng8 21.Be2 Nh6 22.Qb2 f5
23.exf5 Nxf5 24.Ne4 Nd4 25.Rab1 Nf6 26.Ng5 Nh7 27.bxc5 dxc5 28.Nf3 Nf6 29.Re1 Qd6
30.Bd1 Nxf3 31.Bxf3 Re8 32.a4 Re7 33.Re3 Rae8 34.Rbe1 Kf7 35.Qb1 Kg7 36.Qb2 Ng8
37.a5 Nh6 38.axb6 axb6 39.Be4 Rf7 40.Rf3 Rf6 41.Rb1 Rb8 42.Ra1 Rb7 43.Ra8 Nf7
44.Qa3 Rxf3 45.Qxf3 Rd7 46.Qa3 Qf6 47.Qf3 Qxf3+ 48.Bxf3 Nd6 49.Be2 Kf7 50.Rb8 Rb7
51.Rd8 Ke7 52.Rg8 Kf6 53.Rd8 Nf7 54.Rc8 e4 55.Rc6+ Kf5 56.f3 exf3+ 57.Bxf3 Ne5
58.Re6 b5 59.cxb5 Rxb5 60.Re8 Rb2+ 61.Kf1 Nxf3 62.Rf8+ Kg4 63.d6 Kxg3 64.d7 Rf2+  0-1

[Event "Titled Tue 14th Jan Late"]
[Site "chess.com INT"]
[Date "2025.01.14"]
[Round "4"]
[White "Nakamura,Hi"]
[Black "Troff,Kayden"]
[Result "1-0"]
[WhiteElo "2802"]
[BlackElo "2484"]

1.b3 a5 2.Bb2 a4 3.b4 Nf6 4.a3 e6 5.c4 d5 6.e3 c5 7.bxc5 Bxc5 8.Nf3 O-O 9.d4 Be7
10.Nc3 Bd7 11.cxd5 exd5 12.Ne5 Be8 13.Bd3 Nc6 14.O-O Na5 15.Rb1 Bd6 16.Nxa4 Nc4
17.Nc5 Nxb2 18.Rxb2 Bxc5 19.dxc5 Qc7 20.Nf3 Qxc5 21.Rxb7 Rxa3 22.Nd4 Ba4
23.Qb1 h6 24.h3 Rc3 25.Nf5 Kh8 26.Nd4 Bc6 27.Rc7 Qd6 28.Qb6 Nd7 29.Rxc6 Qa3
30.Rxc3 Qxc3 31.Qb3  1-0

[Event "Titled Tue 14th Jan Late"]
[Site "chess.com INT"]
[Date "2025.01.14"]
[Round "5"]
[White "Shankland,S"]
[Black "Nakamura,Hi"]
[Result "1-0"]
[WhiteElo "2670"]
[BlackElo "2802"]

1.c4 e6 2.g3 d5 3.Bg2 Nf6 4.Nf3 b6 5.cxd5 Nxd5 6.O-O Bb7 7.d4 Be7 8.Re1 O-O
9.e4 Nf6 10.Nc3 c5 11.d5 exd5 12.exd5 Bd6 13.Bg5 h6 14.Bxf6 Qxf6 15.Ne4 Qd8
16.Nxd6 Qxd6 17.Nh4 g6 18.Qg4 Qf6 19.Rad1 Rd8 20.d6 Bxg2 21.Kxg2 Nc6 22.d7 Nd4
23.Nf3 Qc6 24.Re7 Nf5 25.Qe4 Qxe4 26.Rxe4 a5 27.Rd5 Kf8 28.Ne5 Ne7 29.Rd6 Kg7
30.Rxb6 f6 31.Nd3 Rxd7 32.Nxc5 Rda7 33.Ree6 Ng8 34.a4 Rc8 35.Rec6 Rxc6 36.Rxc6 Ne7
37.Rb6 Nd5 38.Rb7+ Rxb7 39.Nxb7  1-0

[Event "Titled Tue 14th Jan Early"]
[Site "chess.com INT"]
[Date "2025.01.14"]
[Round "5"]
[White "Nakamura,Hi"]
[Black "Aravindh,Chithambaram VR."]
[Result "1-0"]
[WhiteElo "2802"]
[BlackElo "2726"]

1.b3 g6 2.Bb2 Nf6 3.d4 Bg7 4.Nf3 O-O 5.g3 b6 6.Bg2 Bb7 7.O-O d6 8.c4 Nbd7
9.Qc2 Re8 10.Nc3 e5 11.dxe5 dxe5 12.Rfd1 e4 13.Nd2 Qe7 14.Nf1 Nc5 15.Nd5 Nxd5
16.cxd5 Bxb2 17.Qxb2 Rad8 18.Ne3 Nd7 19.Rd4 Nf6 20.Rad1 h5 21.b4 Rd6 22.Qc2 a6
23.Rc4 Nxd5 24.Rxe4 Qxe4 25.Bxe4 Nxe3 26.fxe3 Bxe4 27.Qc1 Rxd1+ 28.Qxd1 c5
29.bxc5 bxc5 30.Qa4 Re6 31.Qc4 Kg7 32.Qxc5 Kg8 33.Qc4 Kg7 34.Kf2 Kg8 35.h3 Kg7
36.g4 hxg4 37.hxg4 g5 38.Qc8 Kg6 39.Qg8+ Kf6 40.Qh8+ Kg6 41.Qh5+ Kf6 42.Qh6+ Bg6
43.Qh8+ Ke7 44.Qg7 Ke8 45.Qh6 Re5 46.Qh8+ Kd7 47.Qxe5  1-0

[Event "Titled Tue 14th Jan Early"]
[Site "chess.com INT"]
[Date "2025.01.14"]
[Round "6"]
[White "Pranesh,M"]
[Black "Nakamura,Hi"]
[Result "0-1"]
[WhiteElo "2586"]
[BlackElo "2802"]

1.e4 c5 2.g3 g6 3.Bg2 Bg7 4.Ne2 Nc6 5.c4 d6 6.Nbc3 Nf6 7.d3 O-O 8.O-O Ne8
9.Kh1 Nc7 10.f4 Ne6 11.Be3 Ned4 12.Qd2 Rb8 13.Rac1 a6 14.f5 e6 15.g4 b5 16.b3 b4
17.Nd1 a5 18.Ng3 a4 19.bxa4 b3 20.Nc3 bxa2 21.Qxa2 Nb4 22.Qb1 Nd5 23.Qxb8 Nxe3
24.Nb5 Be5 25.f6 Nxg4 26.Bh3 Nxf6 27.Qc7 Qxc7 28.Nxc7 Bxg3 29.hxg3 Ne2 30.a5 Ne8
31.Nxe8 Rxe8 32.Rb1 Nxg3+ 33.Kg1 Nxf1 34.Rb8 Bd7 35.Rb7 Ra8 36.Rxd7 Nd2 37.Rxd6 Rxa5
38.Kf2 Nb3 39.Rd7 Nd4 40.Rc7 h5 41.Kg3 g5 42.e5 Kg7 43.Bg2 Nf5+ 44.Kf2 Ra2+
45.Kg1 g4 46.Bc6 h4 47.Be8 Nh6 48.Rxc5 h3 49.Rb5 g3 50.Rb1 Ng4 51.Bc6 h2+
52.Kh1 Nf2+ 53.Kg2 h1=Q+ 54.Rxh1 Nxh1+ 55.Kxh1 Rc2 56.Be4 Kh6 57.Kg1 Kg5
58.c5 Rxc5 59.Kg2 Kf4  0-1

[Event "Titled Tue 14th Jan Late"]
[Site "chess.com INT"]
[Date "2025.01.14"]
[Round "6"]
[White "Nakamura,Hi"]
[Black "Morefield,Jason P"]
[Result "1-0"]
[WhiteElo "2802"]
[BlackElo "2233"]

1.b3 d5 2.Bb2 Bf5 3.d3 e6 4.Nd2 Nf6 5.g3 Nbd7 6.Bg2 Bg6 7.e4 dxe4 8.dxe4 Nc5
9.Qe2 Be7 10.Nh3 O-O 11.Nf4 Nfd7 12.O-O-O Qe8 13.h4 h6 14.Nxg6 fxg6 15.e5 a5
16.a3 Nb6 17.Ne4 Nd5 18.f4 Rd8 19.Rd2 Nxe4 20.Bxe4 h5 21.c4 Nb6 22.Rxd8 Bxd8
23.Bxb7 Nd7 24.Be4 Nc5 25.Bc2 Be7 26.Kb1 Qb8 27.Ka2 Qb7 28.Rf1 Rb8 29.Qf3 Qxf3
30.Rxf3 Kf7 31.Bc3 Nb7 32.Rd3 Nc5 33.Rd1 Ra8 34.Kb2 Bf8 35.b4 axb4 36.axb4 Na4+
37.Bxa4 Rxa4 38.Kb3 Ra7 39.c5 c6 40.Rd8 Be7 41.Rc8 Ra6 42.Kc4 Bf8 43.Rb8 Ra7
44.Rb6 Rc7 45.Bd4 Be7 46.b5 cxb5+ 47.Kxb5 Rd7 48.Kc4 Rc7 49.c6 Ke8 50.Rb8+ Kf7
51.Kb5  1-0

[Event "Titled Tue 14th Jan Late"]
[Site "chess.com INT"]
[Date "2025.01.14"]
[Round "7"]
[White "Checa,Nicolas"]
[Black "Nakamura,Hi"]
[Result "0-1"]
[WhiteElo "2517"]
[BlackElo "2802"]

1.d4 c5 2.d5 g6 3.Nc3 d6 4.e4 Na6 5.Bb5+ Bd7 6.a4 Nc7 7.Bxd7+ Qxd7 8.Nf3 Bg7
9.O-O Nf6 10.Qe2 O-O 11.Rd1 Rad8 12.h3 Rfe8 13.Bg5 h6 14.Bf4 Qc8 15.Qc4 b6
16.Nb5 Qb7 17.Bh2 Nd7 18.c3 Ra8 19.Nxc7 Qxc7 20.b4 Rec8 21.b5 a6 22.Rdb1 Ra7
23.Ra3 Rca8 24.Bg3 axb5 25.Rxb5 Ra6 26.e5 dxe5 27.Qh4 Qd8 28.Qc4 Qc7 29.Qh4 Qd6
30.Qc4 f5 31.Rb1 Kh7 32.Bh2 Ra5 33.h4 Qf6 34.Qe2 e4 35.Nd2 Qxh4 36.Nc4 Rxa4
37.Rxa4 Rxa4 38.Bg3 Qf6 39.d6 exd6 40.Nxd6 f4 41.Ne8 Qe7  0-1

[Event "Titled Tue 14th Jan Early"]
[Site "chess.com INT"]
[Date "2025.01.14"]
[Round "7"]
[White "Nakamura,Hi"]
[Black "Erigaisi,Arjun"]
[Result "1-0"]
[WhiteElo "2802"]
[BlackElo "2801"]

1.b3 g6 2.Bb2 Nf6 3.Nf3 Bg7 4.d4 O-O 5.g3 b6 6.Bg2 Bb7 7.O-O c5 8.dxc5 bxc5
9.c4 d6 10.Qc2 Nbd7 11.Nc3 Bc6 12.Rab1 Qc8 13.e4 Qb7 14.Nd5 Rfe8 15.Rfe1 e6
16.Nxf6+ Bxf6 17.Bxf6 Nxf6 18.Nd2 a5 19.Rbd1 a4 20.Nb1 axb3 21.axb3 Red8
22.Nc3 Rab8 23.Rb1 e5 24.Qd2 Qb4 25.Re3 Ra8 26.f4 Ra3 27.Bf3 Rd7 28.Bd1 Kg7
29.Bc2 Qb8 30.Rf1 Rda7 31.Ree1 h6 32.h3 Nh5 33.Kh2 Qf8 34.Qf2 Qe7 35.Re3 Ra1
36.Bd1 Nf6 37.f5 g5 38.Qd2 R7a6 39.Rf2 Ne8 40.g4 Nf6 41.h4 gxh4 42.Rh3 Nh7
43.f6+ Nxf6 44.g5 Ng8 45.gxh6+ Nxh6 46.Rg2+ Kh7 47.Qe2 Qf6 48.Rf3 Qe6 49.Nd5 Bxd5
50.exd5 Qe7 51.Bc2+ e4 52.Bxe4+ Kh8 53.Bc2 Qxe2 54.Rxe2 R1a2 55.Rg2  1-0

[Event "Titled Tue 14th Jan Early"]
[Site "chess.com INT"]
[Date "2025.01.14"]
[Round "8"]
[White "Le Tuan Minh"]
[Black "Nakamura,Hi"]
[Result "0-1"]
[WhiteElo "2598"]
[BlackElo "2802"]

1.d4 c5 2.d5 d6 3.Nc3 Na6 4.e4 Nc7 5.a4 g6 6.Be2 Bg7 7.Nf3 Nf6 8.O-O O-O
9.Nd2 b6 10.Nc4 Rb8 11.Bf4 Ba6 12.Na3 Bxe2 13.Qxe2 a6 14.Nc4 Qd7 15.Rfe1 b5
16.axb5 axb5 17.Na5 b4 18.Nb1 Nh5 19.Bc1 e6 20.dxe6 fxe6 21.Nd2 d5 22.Nf3 Ra8
23.h3 c4 24.e5 Nf4 25.Bxf4 Rxf4 26.c3 bxc3 27.bxc3 Nb5 28.Qd2 Raf8 29.Rab1 Bh6
30.Qc2 Na3  0-1

[Event "Titled Tue 14th Jan Late"]
[Site "chess.com INT"]
[Date "2025.01.14"]
[Round "8"]
[White "Nakamura,Hi"]
[Black "Xiong,Jeffery"]
[Result "1/2-1/2"]
[WhiteElo "2802"]
[BlackElo "2636"]

1.e4 e6 2.d3 c5 3.g3 Nc6 4.Bg2 g6 5.c3 Bg7 6.Nf3 Nge7 7.d4 d5 8.e5 Qb6 9.dxc5 Qxc5
10.Qe2 h6 11.h4 Bd7 12.Nbd2 Qb6 13.Nb3 O-O-O 14.Bf4 Kb8 15.O-O Ka8 16.Rfe1 Nf5
17.g4 Nfe7 18.Nbd4 Nxd4 19.Nxd4 Nc6 20.Nxc6 Bxc6 21.Be3 Qb5 22.Qxb5 Bxb5
23.a4 Bc4 24.Bf4 h5 25.f3 Rc8 26.Bg3 b5 27.axb5 Bxb5 28.Bf2 Rc7 29.Ra5 a6
30.Rea1 Kb7 31.Bf1 Bxf1 32.Kxf1 Rc6 33.R1a4 Bxe5 34.c4 Bc7 35.Rb4+ Kc8 36.Raa4 dxc4
37.Rxc4 Rxc4 38.Rxc4 Kb7 39.Rb4+ Kc6 40.Rc4+ Kb7 41.Rb4+ Kc8 42.Ra4 Kb7 43.Rb4+  1/2-1/2

[Event "Titled Tue 14th Jan Late"]
[Site "chess.com INT"]
[Date "2025.01.14"]
[Round "9"]
[White "Makarian,Rudik"]
[Black "Nakamura,Hi"]
[Result "0-1"]
[WhiteElo "2547"]
[BlackElo "2802"]

1.d4 c5 2.d5 d6 3.c4 Na6 4.Nc3 g6 5.e4 Bg7 6.Bd3 e6 7.Nf3 Nc7 8.O-O e5 9.a3 Nf6
10.b4 b6 11.Bg5 h6 12.Bd2 O-O 13.b5 Nh5 14.Re1 a6 15.a4 Nf4 16.Bf1 g5 17.h3 g4
18.hxg4 Bxg4 19.Re3 h5 20.Qe1 Bd7 21.g3 Ng6 22.Nh4 axb5 23.Nxg6 fxg6 24.axb5 Rxa1
25.Qxa1 h4 26.Qe1 Bf6 27.Qe2 Ne8 28.Rd3 Ng7 29.Bh6 Bg5 30.Bxg5 Qxg5 31.Qe3 Qf6
32.Be2 Nh5 33.Bxh5 gxh5 34.gxh4 Kh7 35.Kf1 Qxh4 36.Ke1 Qh1+ 37.Kd2 Qg2 38.Nd1 Bg4
39.Kc3 Bxd1 40.f4  0-1

[Event "Titled Tue 14th Jan Early"]
[Site "chess.com INT"]
[Date "2025.01.14"]
[Round "9"]
[White "Nakamura,Hi"]
[Black "Carlsen,M"]
[Result "1/2-1/2"]
[WhiteElo "2802"]
[BlackElo "2831"]

1.e4 c5 2.Nf3 e6 3.c3 Nf6 4.e5 Nd5 5.a3 b6 6.d4 cxd4 7.cxd4 Be7 8.Bd3 Ba6
9.O-O Bxd3 10.Qxd3 O-O 11.Nbd2 d6 12.Ne4 dxe5 13.Nxe5 f6 14.Nf3 Nc6 15.Bd2 Qd7
16.Rfe1 Rac8 17.Rad1 Rfd8 18.Nc3 Bf8 19.Qe4 Re8 20.Nxd5 Qxd5 21.Qxd5 exd5
22.Rxe8 Rxe8 23.Rc1 Rc8 24.Kf1 Kf7 25.Ke2 Ke6 26.Kd3 Bd6 27.g3 Ne7 28.Rxc8 Nxc8
29.Ne1 g5 30.Ng2 Ne7 31.h3 Ng6 32.g4 h6 33.f3 Bg3 34.Be3 f5 35.Bd2 Bf2 36.f4 Kf6
37.b3 b5 38.a4 bxa4 39.bxa4 Nf8 40.Be3 Bg3 41.Bd2 Ng6 42.fxg5+ hxg5 43.gxf5 Kxf5
44.Ne3+ Ke6 45.Ng2 Kf6 46.Ke2 Nh4 47.Nxh4 Bxh4 48.Kf3 Kf5 49.Ba5 a6 50.Bb4 Kg6
51.Bc3 Kf5 52.Bd2 Kg6 53.Kg4 Kf6 54.Ba5 Kg6 55.Bd8 Bf2 56.Bxg5 Bxd4 57.h4 Bc3
58.h5+ Kf7 59.Kf5 Bb2 60.Bf4 d4 61.Ke4 Kg7 62.Kd3 Kh7 63.Kc4 Bc3 64.Be5 Kh6
65.Bxd4 Be1 66.Bc3 Bf2 67.Kd5 Kxh5 68.Kc6 Kg6 69.Kb7 Bh4 70.Kxa6 Kf7 71.Kb7 Bd8
72.Be5 Ba5 73.Ka6 Be1 74.Bc7 Ke6 75.Ba5 Bxa5 76.Kxa5 Kd7 77.Kb6 Kc8 78.Ka7 Kc7
79.a5 Kc8 80.a6 Kc7 81.Ka8 Kb6 82.a7 Kc7  1/2-1/2

[Event "Titled Tue 14th Jan Early"]
[Site "chess.com INT"]
[Date "2025.01.14"]
[Round "10"]
[White "Caruana,F"]
[Black "Nakamura,Hi"]
[Result "1/2-1/2"]
[WhiteElo "2803"]
[BlackElo "2802"]

1.c4 e6 2.Nc3 d5 3.d4 Be7 4.cxd5 exd5 5.Bf4 c6 6.e3 Nf6 7.Bd3 Bg4 8.Nge2 Bh5
9.O-O Nbd7 10.Bg3 Bg6 11.Nf4 Bxd3 12.Nxd3 O-O 13.Qc2 Re8 14.f3 c5 15.Rad1 Rc8
16.Qf2 cxd4 17.exd4 Nf8 18.Be5 N8d7 19.Rfe1 Nb6 20.Nf4 Rc6 21.g3 h6 22.Kg2 Qd7
23.Re2 Rec8 24.Nd3 Nc4 25.Bxf6 Bxf6 26.Ne5 Bxe5 27.dxe5 Nxb2 28.Rxd5 Qe6
29.Rd6 Qc4 30.Nd5 Nd3 31.Ne7+ Kh7 32.Qe3 Rxd6 33.exd6 Rd8 34.Nf5 Nc5 35.Rd2 b6
36.h4 Qe6 37.Qxe6 fxe6 38.Ne7 Rd7 39.Nc6 Nb7 40.Nxa7 Rxd6 41.Rxd6 Nxd6 42.Nc6 Kg6
43.Kf2 Kf6 44.g4 e5 45.Ke3 Ke6 46.Nb4  1/2-1/2

[Event "Titled Tue 14th Jan Late"]
[Site "chess.com INT"]
[Date "2025.01.14"]
[Round "10"]
[White "Nakamura,Hi"]
[Black "Sevian,Samuel"]
[Result "1-0"]
[WhiteElo "2802"]
[BlackElo "2692"]

1.b3 d5 2.Bb2 c5 3.e3 Nc6 4.Nf3 f6 5.d4 cxd4 6.exd4 Bg4 7.Nbd2 e6 8.h3 Bh5
9.a3 Bd6 10.Be2 Nge7 11.O-O O-O 12.Re1 Kh8 13.c4 Rc8 14.Rc1 Bb8 15.Nf1 Bf7
16.Ne3 Ng6 17.cxd5 exd5 18.g3 Qd7 19.h4 Rce8 20.h5 Nge7 21.Nh4 Be6 22.b4 a6
23.Bd3 Ng8 24.Nef5 Nce7 25.Qf3 Nxf5 26.Nxf5 Ne7 27.Nxe7 Rxe7 28.Re2 Rfe8
29.Rce1 Bg8 30.h6 Rxe2 31.Rxe2 Rxe2 32.hxg7+ Kxg7 33.Qxe2 Bf7 34.b5 axb5
35.Bxb5 Qc7 36.Qe3 Bg6 37.Bc1 Qc8 38.Qe7+ Bf7 39.Bh6+ Kxh6 40.Qxf7 Qf5 41.Qf8+ Kg5
42.Qxb8 Qb1+ 43.Bf1  1-0

[Event "Titled Tue 14th Jan Early"]
[Site "chess.com INT"]
[Date "2025.01.14"]
[Round "11"]
[White "Nakamura,Hi"]
[Black "Jumabayev,R"]
[Result "1-0"]
[WhiteElo "2802"]
[BlackElo "2564"]

1.e4 e5 2.Nf3 Nc6 3.Bc4 Bc5 4.d3 Nf6 5.Nc3 a6 6.Nd5 h6 7.Be3 d6 8.Bxc5 dxc5
9.Ne3 O-O 10.O-O Re8 11.a4 b6 12.h3 Be6 13.Nd2 Qd6 14.Kh2 Na5 15.Bxe6 Qxe6
16.g3 Rad8 17.b3 Nc6 18.f4 exf4 19.gxf4 Qd7 20.Rg1 Kh7 21.Qf1 g6 22.Qf2 Nd4
23.e5 Nh5 24.Ne4 f5 25.exf6 Rf8 26.Ng4 Qf5 27.Raf1 Ne6 28.Qh4 Nexf4 29.Rf3 Rd5
30.Rgf1 Qe6 31.Rxf4 Nxf4 32.Qxh6+  1-0